[Event "Chelyabinskiy variant-A 2021"]
[Site "Chelyabinsk"]
[Date "2021.03.24"]
[Round "2.6"]
[White "Sitnikov, Anton"]
[Black "Afanasiev, Nikita"]
[Result "1/2-1/2"]
[WhiteElo "2437"]
[BlackElo "2519"]
[Annotator "ChessBase"]
[PlyCount "122"]
[EventDate "2021.03.23"]
[EventType "swiss"]
[EventCountry "RUS"]
[SourceTitle "playchess.com"]
[Source "ChessBase"]
[SourceQuality "1"]
[TimeControl "5400+30"]

1. d4 {[%emt 0:04:30]} Nf6 {[%emt 0:00:09]} 2. c3 {[%emt 0:00:57]} d5 {[%emt 0:02:14]} 3. Bg5 {[%emt 0:01:30]} Nbd7 {[%emt 0:02:37]} 4. Nd2 {[%emt 0:00:47]} e5 {[%emt 0:02:58]} 5. Ngf3 {[%emt 0:01:13]} e4 {[%emt 0:11:04]} 6. Ne5 {[%emt 0:00:30]} h6 {[%emt 0:03:00]} 7. Bxf6 {[%emt 0:05:30]} Nxf6 {[%emt 0:02:34]} 8. e3 {[%emt 0:04:45]} c6 {[%emt 0:07:19]} 9. c4 {[%emt 0:09:15]} Qa5 {[%emt 0:01:37]} 10. a3 {[%emt 0:08:30]} Bd6 {[%emt 0:07:03]} 11. cxd5 {[%emt 0:07:30]} cxd5 {[%emt 0:12:22]} 12. b4 {[%emt 0:01:30]} Qb6 {[%emt 0:07:32]} 13. Qa4+ {[%emt 0:02:31]} Ke7 {[%emt 0:03:52]} 14. f4 {[%emt 0:00:29]} g5 {[%emt 0:03:15]} 15. Nb3 {[%emt 0:09:30]} Ng4 {[%emt 0:12:08]} 16. Nxg4 {[%emt 0:10:30]} Bxg4 {[%emt 0:00:04]} 17. g3 {[%emt 0:03:07]} gxf4 {[%emt 0:05:29]} 18. gxf4 {[%emt 0:05:11]} Rhg8 {[%emt 0:06:12]} 19. Be2 {[%emt 0:04:12]} Bxe2 {[%emt 0:01:58]} 20. Kxe2 {[%emt 0:00:07]} a5 {[%emt 0:01:06]} 21. b5 {[%emt 0:03:08]} Rg2+ {[%emt 0:00:32]} 22. Kf1 {[%emt 0:00:05]} Rc2 {[%emt 0:00:58]} 23. Rc1 {[%emt 0:03:19]} Rxc1+ {[%emt 0:02:52]} 24. Nxc1 {[%emt 0:00:07]} Qc7 {[%emt 0:00:04]} 25. Ne2 {[%emt 0:00:30]} Qd7 {[%emt 0:00:25]} 26. h3 {[%emt 0:03:36]} Rc8 {[%emt 0:00:41]} 27. Qxa5 {[%emt 0:04:04]} Rc2 {[%emt 0:00:06]} 28. Rh2 {[%emt 0:02:11]} Qc8 {[%emt 0:00:49]} 29. Qe1 {[%emt 0:00:25]} Qe6 {[%emt 0:00:30]} 30. a4 {[%emt 0:01:08]} Ra2 {[%emt 0:00:25]} 31. Qh4+ {[%emt 0:01:35]} Kd7 {[%emt 0:00:19]} 32. Qh5 {[%emt 0:01:00]} Bb4 {[%emt 0:00:34]} 33. Rf2 {[%emt 0:02:21]} Rxa4 {[%emt 0:01:37]} 34. f5 {[%emt 0:00:45]} Qf6 {[%emt 0:00:04]} 35. Nf4 {[%emt 0:00:07]} Ra1+ {[%emt 0:00:35]} 36. Kg2 {[%emt 0:00:04]} Kd6 {[%emt 0:01:13]} 37. Qg4 {[%emt 0:01:28]} Qg5 {[%emt 0:01:10]} 38. Rc2 {[%emt 0:00:30]} Ra3 {[%emt 0:00:55]} 39. Rc8 {[%emt 0:00:31]} Kd7 {[%emt 0:00:36]} 40. Rg8 {[%emt 0:00:30]} Ra2+ {[%emt 0:00:30]} 41. Kf1 {[%emt 0:00:24]} Ra1+ {[%emt 0:00:13]} 42. Ke2 {[%emt 0:00:31]} Ra2+ {[%emt 0:00:24]} 43. Kd1 {[%emt 0:00:25]} Qxg4+ {[%emt 0:00:47]} 44. hxg4 {[%emt 0:00:05]} Kd6 {[%emt 0:00:04]} 45. Rd8+ {[%emt 0:00:51]} Kc7 {[%emt 0:00:16]} 46. Rh8 {[%emt 0:00:14]} Kb6 {[%emt 0:00:21]} 47. Nxd5+ {[%emt 0:01:00]} Kxb5 {[%emt 0:00:03]} 48. Nxb4 {[%emt 0:00:29]} Kxb4 {[%emt 0:00:03]} 49. Rc8 {[%emt 0:00:20]} b5 {[%emt 0:01:04]} 50. Rc7 {[%emt 0:00:39]} Rg2 {[%emt 0:00:40]} 51. d5 {[%emt 0:00:30]} Rxg4 {[%emt 0:00:26]} 52. d6 {[%emt 0:00:06]} Rg8 {[%emt 0:00:14]} 53. Rxf7 {[%emt 0:00:55]} Rd8 {[%emt 0:00:16]} 54. Rf6 {[%emt 0:00:31]} Kc5 {[%emt 0:00:08]} 55. Kc2 {[%emt 0:00:31]} Rxd6 {[%emt 0:00:04]} 56. Rg6 {[%emt 0:00:07]} Kd5 {[%emt 0:00:11]} 57. f6 {[%emt 0:00:09]} Rd7 {[%emt 0:03:06]} 58. Rxh6 {[%emt 0:00:07]} Ke6 {[%emt 0:00:32]} 59. Rh4 {[%emt 0:00:12]} Ke5 {[%emt 0:00:26]} 60. Rf4 {[%emt 0:00:44]} Ke6 {[%emt 0:00:40]} 61. Kc3 {[%emt 0:00:32]} Kf7 {[%emt 0:00:31]} 1/2-1/2

[Event "Chelyabinskiy variant-A 2021"]
[Site "Chelyabinsk"]
[Date "2021.03.24"]
[Round "2.7"]
[White "Buksa, Nataliya"]
[Black "Utegaliyev, Azamat"]
[Result "1/2-1/2"]
[WhiteElo "2419"]
[BlackElo "2507"]
[Annotator "RC"]
[PlyCount "142"]
[EventDate "2021.03.23"]
[EventType "swiss"]
[EventCountry "RUS"]
[SourceTitle "playchess.com"]
[Source "ChessBase"]
[SourceQuality "1"]
[TimeControl "5400+30"]

1. e4 {[%emt 0:00:00]} g6 {[%emt 0:00:00]} 2. d4 {[%emt 0:00:00]} Bg7 {[%emt 0:00:01]} 3. Nc3 {[%emt 0:00:00]} c6 {[%emt 0:00:55]} 4. Nf3 {[%emt 0:00:13]} d6 {[%emt 0:00:35]} 5. h3 {[%emt 0:05:45]} Nf6 {[%emt 0:02:44]} 6. Be2 {[%emt 0:00:50]} O-O {[%emt 0:00:15]} 7. O-O {[%emt 0:00:46]} Nbd7 {[%emt 0:03:39]} 8. Bf4 {[%emt 0:00:30]} Qc7 {[%emt 0:02:56]} 9. e5 {[%emt 0:00:24]} dxe5 {[%emt 0:01:07]} 10. Nxe5 {[%emt 0:00:53]} Qb6 {[%emt 0:02:37]} 11. a3 {[%emt 0:01:54]} Nd5 {[%emt 0:00:50]} 12. Nxd5 {[%emt 0:16:14]} cxd5 {[%emt 0:00:08]} 13. b3 {[%emt 0:00:03]} Nxe5 {[%emt 0:04:21]} 14. Bxe5 {[%emt 0:01:27]} Bxe5 {[%emt 0:00:07]} 15. dxe5 {[%emt 0:00:04]} Be6 {[%emt 0:00:28]} 16. Qd2 {[%emt 0:14:24]} Rac8 {[%emt 0:01:40]} 17. Bd3 {[%emt 0:03:13]} Kg7 {[%emt 0:16:25]} 18. Qb4 {[%emt 0:13:39]} Qxb4 {[%emt 0:03:34]} 19. axb4 {[%emt 0:00:09]} a6 {[%emt 0:00:11]} 20. Ra5 {[%emt 0:00:36]} Bf5 {[%emt 0:07:16]} 21. Bxf5 {[%emt 0:09:04]} gxf5 {[%emt 0:00:07]} 22. Rxd5 {[%emt 0:00:01]} Rxc2 {[%emt 0:00:11]} 23. Rd7 {[%emt 0:00:03]} e6 {[%emt 0:00:13]} 24. Rxb7 {[%emt 0:01:44]} Rd8 {[%emt 0:00:43]} 25. Rb6 {[%emt 0:05:56]} Rd5 {[%emt 0:09:22]} 26. Rxa6 {[%emt 0:03:52]} Rxe5 {[%emt 0:00:06]} 27. Ra5 {[%emt 0:02:25]} Re4 {[%emt 0:00:27]} 28. b5 {[%emt 0:09:59]} Rb2 {[%emt 0:11:08]} 29. Rd1 {[%emt 0:00:37]} Rxb3 {[%emt 0:12:19]} 30. Ra7 {[%emt 0:01:33]} h5 {[%emt 0:11:44]} 31. Rdd7 {[%emt 0:01:52]} h4 {[%emt 0:00:26]} 32. Rxf7+ {[%emt 0:02:57]} Kg6 {[%emt 0:00:04]} 33. Rg7+ {[%emt 0:01:22]} Kf6 {[%emt 0:00:32]} 34. Rh7 {[%emt 0:01:33]} Rxb5 {[%emt 0:01:01]} 35. Rh6+ {[%emt 0:00:53]} Kg5 {[%emt 0:04:41]} 36. Rah7 {[%emt 0:01:41]} Rb2 {[%emt 0:00:41]} 37. Rh5+ {[%emt 0:01:01]} Kf6 {[%emt 0:00:04]} 38. R5h6+ {[%emt 0:00:51]} Ke5 {[%emt 0:00:14]} 39. Rxh4 {[%emt 0:00:17]} Re1+ {[%emt 0:00:10]} 40. Kh2 {[%emt 0:00:02]} Rxf2 {[%emt 0:00:07]} 41. R4h5 {[%emt 0:01:11]} Rff1 {[%emt 0:00:49]} 42. Kg3 {[%emt 0:00:24]} Re2 {[%emt 0:01:32]} 43. Kh2 {[%emt 0:00:03]} Ree1 {[%emt 0:02:20]} 44. Ra7 {[%emt 0:00:22]} Rh1+ {[%emt 0:01:38]} 45. Kg3 {[%emt 0:00:02]} Re3+ {[%emt 0:00:05]} 46. Kf2 {[%emt 0:01:23]} Rhe1 {[%emt 0:00:42]} 47. h4 {[%emt 0:00:41]} R1e2+ {[%emt 0:00:18]} 48. Kf1 {[%emt 0:00:12]} Kf4 {[%emt 0:00:44]} 49. Kg1 {[%emt 0:00:45]} Rg3 {[%emt 0:00:22]} 50. Ra4+ {[%emt 0:00:04]} Ke5 {[%emt 0:00:08]} 51. Ra5+ {[%emt 0:00:24]} Kf6 {[%emt 0:00:11]} 52. Kf1 {[%emt 0:00:44]} Rexg2 {[%emt 0:00:41]} 53. Ra6 {[%emt 0:00:34]} Rg1+ {[%emt 0:01:02]} 54. Kf2 {[%emt 0:00:01]} R1g2+ {[%emt 0:00:04]} 55. Kf1 {[%emt 0:00:02]} Rg8 {[%emt 0:00:52]} 56. Rh6+ {[%emt 0:00:38]} R2g6 {[%emt 0:00:04]} 57. Rh7 {[%emt 0:00:01]} Ke5 {[%emt 0:00:22]} 58. h5 {[%emt 0:00:41]} Rf6 {[%emt 0:01:13]} 59. Ra2 {[%emt 0:00:57]} f4 {[%emt 0:00:48]} 60. Rh2 {[%emt 0:01:13]} Kf5 {[%emt 0:01:14]} 61. h6 {[%emt 0:00:37]} Rff8 {[%emt 0:00:38]} 62. Rb7 {[%emt 0:00:42]} Ra8 {[%emt 0:00:31]} 63. h7 {[%emt 0:00:14]} Rh8 {[%emt 0:00:15]} 64. Rh6 {[%emt 0:00:34]} Rae8 {[%emt 0:00:45]} 65. Kf2 {[%emt 0:00:42]} Kg5 {[%emt 0:00:18]} 66. Rh1 {[%emt 0:00:19]} e5 {[%emt 0:00:11]} 67. Rg7+ {[%emt 0:00:32]} Kf5 {[%emt 0:00:34]} 68. Rh5+ {[%emt 0:00:23]} Kf6 {[%emt 0:00:44]} 69. Rhg5 {[%emt 0:00:04]} Rxh7 {[%emt 0:00:44]} 70. R5g6+ {[%emt 0:00:04]} Kf5 {[%emt 0:00:03]} 71. Rg5+ {[%emt 0:00:03]} Kf6 1/2-1/2

[Event "Chelyabinskiy variant-A 2021"]
[Site "Chelyabinsk"]
[Date "2021.03.24"]
[Round "2.8"]
[White "Khanin, Semen"]
[Black "Remizov, Yaroslav"]
[Result "1/2-1/2"]
[WhiteElo "2506"]
[BlackElo "2411"]
[Annotator "ChessBase"]
[PlyCount "112"]
[EventDate "2021.03.23"]
[EventType "swiss"]
[EventCountry "RUS"]
[SourceTitle "playchess.com"]
[Source "ChessBase"]
[SourceQuality "1"]
[TimeControl "5400+30"]

1. e4 {[%emt 0:00:00]} c6 {[%emt 0:00:00]} 2. Nf3 {[%emt 0:00:00]} d5 {[%emt 0:00:00]} 3. d3 {[%emt 0:00:00]} g6 {[%emt 0:00:16]} 4. Qe2 {[%emt 0:00:23]} Bg7 {[%emt 0:00:30]} 5. g3 {[%emt 0:02:11]} Bg4 {[%emt 0:07:44]} 6. Bg2 {[%emt 0:02:04]} e6 {[%emt 0:00:07]} 7. Nbd2 {[%emt 0:02:45]} Ne7 {[%emt 0:01:47]} 8. h3 {[%emt 0:02:31]} Bxf3 {[%emt 0:00:08]} 9. Nxf3 {[%emt 0:00:03]} dxe4 {[%emt 0:01:33]} 10. dxe4 {[%emt 0:01:11]} Qa5+ {[%emt 0:00:08]} 11. c3 {[%emt 0:05:56]} Qa6 {[%emt 0:07:36]} 12. Qxa6 {[%emt 0:03:54]} Nxa6 {[%emt 0:00:51]} 13. Be3 {[%emt 0:00:10]} Nc8 {[%emt 0:45:13]} 14. O-O-O {[%emt 0:06:36]} Nb6 {[%emt 0:01:01]} 15. Kc2 {[%emt 0:01:00]} O-O {[%emt 0:07:45]} 16. b3 {[%emt 0:03:57]} Rfd8 {[%emt 0:02:32]} 17. a4 {[%emt 0:02:21]} Bf6 {[%emt 0:01:30]} 18. a5 {[%emt 0:05:59]} Nd7 {[%emt 0:00:45]} 19. Rd2 {[%emt 0:01:53]} Kf8 {[%emt 0:05:33]} 20. Rhd1 {[%emt 0:02:26]} Ke7 {[%emt 0:01:41]} 21. b4 {[%emt 0:04:44]} Nc7 {[%emt 0:02:57]} 22. h4 {[%emt 0:01:29]} Ne5 {[%emt 0:04:44]} 23. Rxd8 {[%emt 0:14:00]} Rxd8 {[%emt 0:00:16]} 24. Bc5+ {[%emt 0:00:23]} Ke8 {[%emt 0:00:07]} 25. Rxd8+ {[%emt 0:00:11]} Kxd8 {[%emt 0:00:05]} 26. Nxe5 {[%emt 0:00:08]} Bxe5 {[%emt 0:00:04]} 27. f4 {[%emt 0:00:15]} Bg7 {[%emt 0:00:34]} 28. e5 {[%emt 0:08:08]} a6 {[%emt 0:00:08]} 29. c4 {[%emt 0:00:26]} f6 {[%emt 0:01:39]} 30. Bd4 {[%emt 0:05:12]} f5 {[%emt 0:00:43]} 31. Bc5 {[%emt 0:00:06]} h5 {[%emt 0:00:42]} 32. Kd3 {[%emt 0:00:17]} Kd7 {[%emt 0:01:00]} 33. Kd4 {[%emt 0:00:20]} Bh6 {[%emt 0:00:23]} 34. Bf1 {[%emt 0:08:59]} Bg7 {[%emt 0:00:22]} 35. Be2 {[%emt 0:00:03]} Bh6 {[%emt 0:01:11]} 36. Bf3 {[%emt 0:03:21]} Bg7 {[%emt 0:00:13]} 37. Bg2 {[%emt 0:00:03]} Bh6 {[%emt 0:00:08]} 38. Bd6 {[%emt 0:00:15]} Ne8 {[%emt 0:01:26]} 39. Kc5 {[%emt 0:00:03]} Nxd6 {[%emt 0:03:35]} 40. exd6 {[%emt 0:00:04]} Bg7 {[%emt 0:02:17]} 41. b5 {[%emt 0:07:06]} cxb5 {[%emt 0:00:03]} 42. cxb5 {[%emt 0:00:27]} Bb2 {[%emt 0:00:03]} 43. Bxb7 {[%emt 0:05:10]} Ba3+ {[%emt 0:00:04]} 44. Kb6 {[%emt 0:01:13]} axb5 {[%emt 0:00:05]} 45. Bc6+ {[%emt 0:03:26]} Kxd6 {[%emt 0:00:04]} 46. Bxb5 {[%emt 0:00:15]} e5 {[%emt 0:00:20]} 47. a6 {[%emt 0:01:18]} exf4 {[%emt 0:00:08]} 48. gxf4 {[%emt 0:00:05]} Bc5+ {[%emt 0:00:05]} 49. Kb7 {[%emt 0:00:02]} Kd5 {[%emt 0:00:04]} 50. Bc6+ {[%emt 0:00:50]} Kd4 {[%emt 0:00:03]} 51. Be8 {[%emt 0:00:07]} Ke4 {[%emt 0:00:04]} 52. Bxg6 {[%emt 0:00:02]} Kxf4 {[%emt 0:00:04]} 53. Bxh5 {[%emt 0:00:07]} Kg3 {[%emt 0:00:02]} 54. Bg6 {[%emt 0:00:06]} Kxh4 {[%emt 0:00:04]} 55. Bxf5 {[%emt 0:00:02]} Kg5 {[%emt 0:00:04]} 56. a7 {[%emt 0:00:02]} Bxa7 1/2-1/2

[Event "Chelyabinskiy variant-A 2021"]
[Site "Chelyabinsk"]
[Date "2021.03.24"]
[Round "2.9"]
[White "Obgolts, Erik"]
[Black "Drygalov, Andrey"]
[Result "0-1"]
[WhiteElo "2404"]
[BlackElo "2500"]
[Annotator "RC"]
[PlyCount "48"]
[EventDate "2021.03.23"]
[EventType "swiss"]
[EventCountry "RUS"]
[SourceTitle "playchess.com"]
[Source "ChessBase"]
[SourceQuality "1"]
[TimeControl "5400+30"]

1. e4 {[%emt 0:00:00]} c5 {[%emt 0:00:00]} 2. Nf3 {[%emt 0:00:00]} d6 {[%emt 0:00:00]} 3. d4 {[%emt 0:00:00]} cxd4 {[%emt 0:00:00]} 4. Nxd4 {[%emt 0:00:00]} Nf6 {[%emt 0:00:00]} 5. Nc3 {[%emt 0:00:00]} a6 {[%emt 0:00:21]} 6. Be3 {[%emt 0:00:02]} e6 {[%emt 0:05:23]} 7. f3 {[%emt 0:06:02]} b5 {[%emt 0:00:12]} 8. Qd2 {[%emt 0:04:49]} Nbd7 {[%emt 0:04:26]} 9. g4 {[%emt 0:15:46]} Nb6 {[%emt 0:02:26]} 10. a3 {[%emt 0:10:19]} Bb7 {[%emt 0:02:28]} 11. Qf2 {[%emt 0:09:22]} Nfd7 {[%emt 0:00:45]} 12. Nb3 {[%emt 0:00:12]} Rc8 {[%emt 0:03:44]} 13. O-O-O {[%emt 0:01:27]} Rxc3 {[%emt 0:04:07]} 14. bxc3 {[%emt 0:00:06]} Qc7 {[%emt 0:02:19]} 15. Qg3 {[%emt 0:13:34]} e5 {[%emt 0:18:59]} 16. Bxb6 {[%emt 0:17:54]} Nxb6 {[%emt 0:01:46]} 17. f4 {[%emt 0:00:13]} Bxe4 {[%emt 0:05:07]} 18. Bg2 {[%emt 0:01:06]} Bxg2 {[%emt 0:00:37]} 19. Qxg2 {[%emt 0:00:04]} d5 {[%emt 0:00:13]} 20. Kb1 {[%emt 0:12:25]} Bxa3 {[%emt 0:00:50]} 21. Ka2 {[%emt 0:00:27]} Qxc3 {[%emt 0:02:03]} 22. Rb1 {[%emt 0:00:05]} Be7 {[%emt 0:00:42]} 23. Qd2 {[%emt 0:00:53]} Qc4 {[%emt 0:00:22]} 24. Qa5 {[%emt 0:00:19]} Na4 {[%emt 0:04:09]} 0-1

[Event "Chelyabinskiy variant-A 2021"]
[Site "Chelyabinsk"]
[Date "2021.03.24"]
[Round "2.10"]
[White "Maiorov, Nikita"]
[Black "Tsvetkov, Andrey"]
[Result "1/2-1/2"]
[WhiteElo "2495"]
[BlackElo "2404"]
[Annotator "RC"]
[PlyCount "189"]
[EventDate "2021.03.23"]
[EventType "swiss"]
[EventCountry "RUS"]
[SourceTitle "playchess.com"]
[Source "ChessBase"]
[SourceQuality "1"]
[TimeControl "5400+30"]

1. d4 {[%emt 0:00:00]} d5 {[%emt 0:00:00]} 2. c4 {[%emt 0:00:01]} e6 {[%emt 0:00:00]} 3. Nf3 {[%emt 0:00:08]} Nf6 {[%emt 0:00:00]} 4. Nc3 {[%emt 0:00:03]} c6 {[%emt 0:00:00]} 5. e3 {[%emt 0:00:28]} Nbd7 {[%emt 0:00:03]} 6. Qc2 {[%emt 0:00:04]} Bd6 {[%emt 0:00:07]} 7. Bd3 {[%emt 0:00:03]} O-O {[%emt 0:00:39]} 8. O-O {[%emt 0:00:03]} e5 {[%emt 0:00:47]} 9. cxd5 {[%emt 0:00:44]} cxd5 {[%emt 0:00:05]} 10. Nb5 {[%emt 0:09:41]} Bb8 {[%emt 0:01:24]} 11. dxe5 {[%emt 0:00:07]} Nxe5 {[%emt 0:00:07]} 12. Be2 {[%emt 0:08:28]} Nxf3+ {[%emt 0:39:36]} 13. Bxf3 {[%emt 0:00:06]} Bg4 {[%emt 0:02:59]} 14. Nd4 {[%emt 0:05:32]} Qd7 {[%emt 0:06:25]} 15. Bd2 {[%emt 0:04:52]} Rc8 {[%emt 0:07:38]} 16. Qd3 {[%emt 0:00:25]} Be5 {[%emt 0:04:11]} 17. Bxg4 {[%emt 0:06:00]} Qxg4 {[%emt 0:03:57]} 18. Nf3 {[%emt 0:18:24]} Bxb2 {[%emt 0:03:28]} 19. Rab1 {[%emt 0:00:03]} Qe4 {[%emt 0:00:03]} 20. Qb5 {[%emt 0:03:32]} Be5 {[%emt 0:02:07]} 21. Rb4 {[%emt 0:00:23]} Qf5 {[%emt 0:02:06]} 22. Qxb7 {[%emt 0:02:12]} Ne4 {[%emt 0:02:18]} 23. Nxe5 {[%emt 0:02:36]} Qxe5 {[%emt 0:05:17]} 24. Rd4 {[%emt 0:00:17]} Rcb8 {[%emt 0:01:51]} 25. Qa6 {[%emt 0:11:32]} Rb2 {[%emt 0:03:46]} 26. Rd1 {[%emt 0:08:46]} Qf6 {[%emt 0:05:48]} 27. Qxf6 {[%emt 0:00:11]} Nxf6 {[%emt 0:00:31]} 28. a4 {[%emt 0:04:15]} Rc8 {[%emt 0:01:01]} 29. f3 {[%emt 0:01:03]} h6 {[%emt 0:01:00]} 30. Be1 {[%emt 0:02:57]} Kh7 {[%emt 0:00:48]} 31. R4d2 {[%emt 0:02:15]} Rb3 {[%emt 0:01:12]} 32. Rd3 {[%emt 0:00:10]} Rb2 {[%emt 0:01:08]} 33. Kf1 {[%emt 0:01:25]} Rc4 {[%emt 0:01:43]} 34. Rd4 {[%emt 0:01:02]} Rc6 {[%emt 0:00:23]} 35. R4d2 {[%emt 0:01:22]} Rb3 {[%emt 0:00:31]} 36. Ke2 {[%emt 0:01:01]} Ra3 {[%emt 0:00:41]} 37. Rd4 {[%emt 0:00:13]} Rc2+ {[%emt 0:00:24]} 38. Bd2 {[%emt 0:00:26]} Rca2 {[%emt 0:00:25]} 39. Rb4 {[%emt 0:01:02]} Rxa4 40. Rb7 {[%emt 0:00:21]} Kg6 {[%emt 0:01:21]} 41. Rc1 {[%emt 0:00:39]} d4 {[%emt 0:02:00]} 42. e4 {[%emt 0:00:16]} R4a3 {[%emt 0:00:33]} 43. Rcb1 {[%emt 0:02:42]} Nd7 {[%emt 0:01:09]} 44. Rxd7 {[%emt 0:01:51]} Re3+ {[%emt 0:00:04]} 45. Kf2 {[%emt 0:02:15]} Rxd2+ {[%emt 0:00:03]} 46. Kg3 {[%emt 0:00:03]} Ree2 {[%emt 0:01:10]} 47. Rbb7 {[%emt 0:00:03]} Rxg2+ {[%emt 0:00:55]} 48. Kf4 {[%emt 0:00:02]} Kh7 {[%emt 0:01:01]} 49. Rxf7 {[%emt 0:00:04]} a5 {[%emt 0:00:10]} 50. Ra7 {[%emt 0:00:11]} d3 {[%emt 0:00:56]} 51. Rfd7 {[%emt 0:00:19]} Rd1 {[%emt 0:01:00]} 52. Rxa5 {[%emt 0:00:44]} Rxh2 {[%emt 0:00:11]} 53. Rad5 {[%emt 0:01:58]} d2 {[%emt 0:00:24]} 54. e5 {[%emt 0:00:37]} Re2 {[%emt 0:00:47]} 55. e6 {[%emt 0:01:42]} Rxe6 {[%emt 0:00:40]} 56. Rxd2 {[%emt 0:00:04]} Rf6+ {[%emt 0:00:09]} 57. Kg3 {[%emt 0:00:06]} Rg6+ {[%emt 0:00:53]} 58. Kf2 {[%emt 0:00:15]} Rh1 {[%emt 0:00:08]} 59. R7d6 {[%emt 0:01:22]} Rg5 {[%emt 0:00:26]} 60. R2d5 {[%emt 0:00:21]} Rh2+ {[%emt 0:00:11]} 61. Ke3 {[%emt 0:00:04]} Rg1 {[%emt 0:00:23]} 62. Rd1 {[%emt 0:00:18]} Rgg2 {[%emt 0:00:04]} 63. Kf4 {[%emt 0:00:55]} Ra2 {[%emt 0:00:43]} 64. Rg1 {[%emt 0:00:10]} Ra7 {[%emt 0:00:13]} 65. Kg3 {[%emt 0:00:08]} Rh5 {[%emt 0:00:05]} 66. Rd4 {[%emt 0:00:13]} Rf5 {[%emt 0:00:27]} 67. Rf4 {[%emt 0:00:04]} Rg5+ {[%emt 0:00:14]} 68. Rg4 {[%emt 0:00:03]} Re5 {[%emt 0:00:04]} 69. Rg2 {[%emt 0:00:31]} Rf7 {[%emt 0:00:18]} 70. Rf2 {[%emt 0:00:23]} Ref5 {[%emt 0:00:13]} 71. Kg2 {[%emt 0:00:04]} Ra5 {[%emt 0:00:25]} 72. Re2 {[%emt 0:00:10]} Ra3 {[%emt 0:00:08]} 73. Rf2 {[%emt 0:00:05]} Rf6 {[%emt 0:00:21]} 74. Re4 {[%emt 0:00:44]} h5 {[%emt 0:00:20]} 75. Rd4 {[%emt 0:00:29]} Kh6 {[%emt 0:00:18]} 76. Re4 {[%emt 0:00:03]} Rg6+ {[%emt 0:00:08]} 77. Kh2 {[%emt 0:00:04]} Rf6 {[%emt 0:00:29]} 78. Kg2 {[%emt 0:00:04]} Ra5 {[%emt 0:00:25]} 79. Re3 {[%emt 0:00:25]} Rg5+ {[%emt 0:00:20]} 80. Kh2 {[%emt 0:00:04]} Rf4 {[%emt 0:00:17]} 81. Rg2 {[%emt 0:00:22]} Rh4+ {[%emt 0:01:13]} 82. Kg1 {[%emt 0:00:05]} Ra4 {[%emt 0:00:32]} 83. Rxg5 {[%emt 0:00:23]} Kxg5 {[%emt 0:00:01]} 84. Re2 {[%emt 0:00:21]} Kf4 {[%emt 0:00:30]} 85. Kg2 {[%emt 0:00:05]} g5 {[%emt 0:00:57]} 86. Rb2 {[%emt 0:00:11]} h4 {[%emt 0:00:21]} 87. Rc2 {[%emt 0:00:15]} Ke3 {[%emt 0:01:22]} 88. Rc3+ {[%emt 0:00:10]} Kd4 {[%emt 0:00:24]} 89. Rc2 {[%emt 0:00:10]} Rc4 {[%emt 0:01:43]} 90. Re2 {[%emt 0:00:15]} Rc5 {[%emt 0:00:42]} 91. Re4+ {[%emt 0:00:36]} Kd3 {[%emt 0:00:06]} 92. Kh3 {[%emt 0:02:00]} Rc1 {[%emt 0:01:25]} 93. Rg4 {[%emt 0:01:23]} Ke3 {[%emt 0:00:15]} 94. Rxg5 {[%emt 0:00:13]} Kxf3 {[%emt 0:00:03]} 95. Rf5+ {[%emt 0:00:19]} 1/2-1/2

[Event "Chelyabinskiy variant-A 2021"]
[Site "Chelyabinsk"]
[Date "2021.03.24"]
[Round "2.11"]
[White "Khruschiov, Alexey"]
[Black "Stupak, Kirill"]
[Result "0-1"]
[WhiteElo "2392"]
[BlackElo "2492"]
[Annotator "TA"]
[PlyCount "128"]
[EventDate "2021.03.23"]
[EventType "swiss"]
[EventCountry "RUS"]
[SourceTitle "playchess.com"]
[Source "ChessBase"]
[SourceQuality "1"]

{[%evp 12,128,28,29,34,22,25,28,28,27,26,20,25,29,47,50,53,26,37,21,22,19,83,78,101,81,110,75,77,63,73,67,69,43,37,37,37,37,43,38,28,38,45,48,39,0,0,0,10,17,0,12,25,13,18,29,22,0,20,22,34,0,0,-40,-35,-96,-82,-146,-95,-195,-195,-195,-189,-200,-187,-176,-108,-132,-17,-18,-47,-35,0,0,0,0,-3,-19,0,0,0,0,0,0,0,0,0,-22,-22,-17,0,0,0,0,0,-719,-691,-711,-687,-29983,-29984,-29984,-29985,-29985,-29986,-29986,-29987,-29993,-29994]} 1. e4 e6 2. d4 d5 3. e5 c5 4. c3 Qb6 5. Nf3 Nc6 6. a3 f6 7. Bd3 fxe5 {C02: French: Advance Variation.} 8. dxe5 c4 9. Bc2 g6 {White has an edge.} 10. O-O Bg7 11. Nbd2 Nge7 12. Re1 Qc7 13. Qe2 Bd7 14. a4 O-O 15. b3 cxb3 $1 16. Nxb3 {[#]} b6 $146 (16... Rxf3 $11 {remains equal.} 17. Qxf3 Nxe5) ({Predecessor:} 16... Na5 17. Ba3 Rfe8 18. Bd6 Qd8 19. Nxa5 Qxa5 20. Rab1 Bc6 21. Nd4 Nc8 22. Bb4 Qc7 {1-0 (31) Grandelius,N (2694)-Stupak,K (2537) Skopje 2019}) 17. Ba3 $16 Rfe8 18. Bd6 Qc8 19. Bd3 Nf5 20. Ba6 Qd8 {[#]} 21. Ba3 Bf8 22. Bb7 Rb8 23. Bxc6 Bxc6 24. Nbd4 Nxd4 25. cxd4 Qd7 26. a5 Bb5 27. Qd2 Bc4 28. h4 b5 29. Reb1 Bxa3 30. Rxa3 Qe7 31. Rb4 Rf8 32. g3 Qf7 33. Nh2 Qf5 34. Kg2 Rbc8 35. Rb2 Rb8 36. f3 h5 37. Re3 g5 38. hxg5 ({White should try} 38. g4 $1 $15 Qf4 39. gxh5) 38... Qxg5 $17 39. Kf2 ({Better is} 39. f4 Rxf4 40. Rf3 {[%mdl 64] Pin}) 39... Rb7 (39... h4 $142 {[%csl Gh4][%cal Rg5g3]} 40. f4 Kh8) 40. f4 (40. Re1 $17 {was worth a try.} Qg6 41. Qc2) 40... Rg7 $19 41. Rf3 Qf5 42. Kg2 Qe4 43. Kh3 Rgf7 (43... a6 $19 44. Qe3 Qf5+ 45. Kg2 Kh8) 44. Qc2 Qxd4 (44... Rd7 $17 45. Rc3 Rg7 46. Qxe4 dxe4) 45. Qg6+ $11 Rg7 46. Qxe6+ Kh7 47. Rbf2 {With the idea f5.} Qc5 48. Kg2 $1 d4 49. Qh3 Bd5 50. Qxh5+ Kg8 51. Ng4 Bxf3+ 52. Rxf3 Qc2+ 53. Nf2 d3 $36 {[%mdl 2048] Black fights for an advantage.} 54. e6 {Threatening f5.} d2 55. Qd5 {Hoping for e7+.} Qc4 56. Qd6 Qc8 {White must now prevent ...Rd8.} 57. f5 Rd8 58. Qe5 {[%mdl 8192] [#]} (58. Qf4 $11 d1=Q 59. Nxd1 Rxd1 60. f6 Qc2+ 61. Rf2 Qc6+ {[%mdl 64] Double Attack} 62. Rf3 Qc2+ 63. Rf2 Qc6+ {[%mdl 64] Double Attack} 64. Rf3 Qc2+) 58... d1=Q $1 $19 59. Nxd1 Rxd1 60. f6 {And now f7+ would win.} Qc2+ {Black mates.} 61. Rf2 Qc6+ 62. Rf3 Rd2+ 63. Kh3 Qxf3 {[%cal Rf3h1]} 64. f7+ Kh7 {[%cal Rf3h1] Weighted Error Value: White=0.26/Black=0.11} 0-1